| 000 | 00856cam a22002771 4500 | ||
|---|---|---|---|
| 001 | 5432 | ||
| 003 | BD-RjUL | ||
| 005 | 20211208234050.0 | ||
| 008 | 131226r19621961it 000 0 eng d | ||
| 035 | _a(BD-RjUL)5468 | ||
| 035 | _a(OCoLC)3117015 | ||
| 040 |
_aDLC _cIaIndS _dDLC _dBD-RjUL _beng |
||
| 041 | _aeng | ||
| 082 |
_a363.883 _bDEV 1962 |
||
| 110 | 2 |
_aFood and Agriculture Organization of the United Nations. _95605 |
|
| 245 | 1 | 0 |
_aDevelopment through food: _ba strategy for surplus utilization / |
| 250 | _a[Rev. ed.] | ||
| 260 |
_aRome, _c1962 [c1961] |
||
| 300 |
_axiii, 162 p. ; _bdiagrs.: _c23 cm. |
||
| 490 | 0 |
_aFreedom From Hunger Campaign. Basic study _vno. 2 |
|
| 650 | 0 |
_aFood relief. _916438 |
|
| 650 | 0 |
_aSurplus agricultural commodities. _910354 |
|
| 942 |
_2ddc _cBK |
||
| 999 |
_c5432 _d5432 |
||